Clínica quirúrgica : (Record no. 160207)

MARC details
000 -LEADER
campo de control de longitud fija 01252nam a22002415i 4500
001 - NÚMERO DE CONTROL
campo de control 160207
003 - IDENTIFICADOR DE NÚMERO DE CONTROL
campo de control ES-MaACL
005 - FECHA Y HORA DE LA ÚLTIMA TRANSACCIÓN
campo de control 20250719063318.0
008 - DATOS DE LONGITUD FIJA--INFORMACIÓN GENERAL
campo de control de longitud fija 030113s1874 sp |||| | spa d
040 ## - FUENTE DE CATALOGACIÓN
Centro catalogador/agencia de origen CCPB | B
Lengua de catalogación spa
Centro/agencia transcriptor CCPB | B
100 1# - ENTRADA PRINCIPAL--NOMBRE DE PERSONA
Nombre de persona Moreno y Pozo, Adolfo,
Fechas asociadas al nombre 1848-1897
Término indicativo de función/relación Autor
9 (RLIN) 130183
245 10 - MENCIÓN DEL TÍTULO
Título Clínica quirúrgica :
Resto del título (segundo curso) : curso de 1873 a 1874 /
Mención de responsabilidad, etc. a cargo de Adolfo Moreno y Pozo.
260 ## - PUBLICACIÓN, DISTRIBUCIÓN, ETC.
Lugar de publicación, distribución, etc. Madrid :
Nombre del editor, distribuidor, etc. [s.n.],
Fecha de publicación, distribución, etc. 1874
Fabricante (Imp. Médica de la Viuda e Hijos de M. Álvarez)
300 ## - DESCRIPCIÓN FÍSICA
Extensión 77 páginas, 1 hoja plegada ;
Dimensiones 18 cm.
500 ## - NOTA GENERAL
Nota general Precede al tít.: Facultad de Medicina
650 #7 - PUNTO DE ACCESO ADICIONAL DE MATERIA--TÉRMINO DE MATERIA
Término de materia o nombre geográfico como elemento de entrada Clínica quirúrgica
Fuente del encabezamiento o término embne-DP
9 (RLIN) 148887
710 2# - ENTRADA AGREGADA--NOMBRE DE ENTIDAD CORPORATIVA
Nombre de entidad corporativa o nombre de jurisdicción como elemento de entrada Universidad Central (Madrid).
Unidad subordinada Facultad de Medicina
Término indicativo de función/relación entidad responsable
9 (RLIN) 7093
852 ## - LOCALIZACIÓN
Ubicación ES-MaACL
Ubicación en estantería Depósito folletos
Anotaciones manuscritas Dedicatoria ms. de Enrique M. de Argen a la Biblioteca de los Escolares Médicos
Donativo/Legado Legado Gustavo Sáenz Díez
Número de control de estantería T-422-F-1
Encuadernación Enc. en un vol. facticio
-- Holandesa, falto de cub. original
852 ## - LOCALIZACIÓN
Ubicación ES-MaACL
Ubicación en estantería Depósito folletos
Anotaciones manuscritas Dedicatoria ms. de Aurelio del Río a la Biblioteca de los Escolares Médicos
Número de control de estantería T-362-F-16
Encuadernación Enc. en un vol. facticio
-- Holandesa, falto de cub. original
942 ## - ELEMENTOS DE ENTRADA SECUNDARIOS (KOHA)
Fuente del sistema de clasificación o colocación Clasificación decimal universal
Tipo de ítem Koha Folleto
Suprimir en OPAC No
Holdings
Estatus retirado Estado de pérdida Fuente del sistema de clasificación o colocación Estado de daño No para préstamo Colección Biblioteca de origen Biblioteca actual Ubicación en estantería Fecha de adquisición Total de préstamos Signatura topográfica completa Código de barras Visto por última vez Tipo de ítem Koha Fuente de adquisición
    Clasificación decimal universal     Colección de folletos Biblioteca del Ateneo de Madrid Biblioteca del Ateneo de Madrid Depósito folletos 17/01/2008   T-362-F-16 1167735 23/02/2023 Folleto  
    Clasificación decimal universal     Colección de folletos Biblioteca del Ateneo de Madrid Biblioteca del Ateneo de Madrid Depósito folletos 17/01/2008   T-422-F-1 1167734 23/02/2023 Folleto Legado